Týdeník školství.

Uložené v:
Podrobná bibliografia
Predchádzajúci názov:Odborový zpravodaj školství
Médium: Časopis
Jazyk:Czech
Vydané: Praha : Sofiprin, 1993-.
Tagy: Pridať tag
Žiadne tagy, Buďte prvý kto otaguje tento záznam!

MARC

LEADER 00000nas a22000001a 4500
001 000299521
003 SVKK
005 20230317104745.0
008 960805c19939999xr wr|p|||||||0|||b0cze|c
022 |a 1210-8316 
040 |a BAA001  |b slo  |e AACR2 
041 0 |a cze 
044 |a xr 
210 0 |a Týd. škol. 
222 0 |a Týdeník školství 
245 0 0 |a Týdeník školství. 
246 3 0 |a Školství :  |b týdeník. 
246 3 2 |a Školství 
260 |a Praha :  |b Sofiprin,  |c 1993-. 
310 |a 1x týždenne 
362 0 |a Roč. 1, č. 1 (1993) -  |z SK ČR/2010; SKČR/2022 
500 |a Predošlý podnázov: vydává ČMOS pracovníků školství a VOS 
550 |a Predošlý vydavateľ: Dictum s.r.o. 
780 0 0 |t Odborový zpravodaj školství  |x 0862-9641 
910 |a KE001  |b E.424 
998 |a SE 
090 |g CASOS  |k Sklad  |a E.424  |j 192697  |i 2720999723  |s Zviazaný časopis 
090 |g CASOS  |k Sklad  |a E.424  |j 192698  |i 2720999724  |s Zviazaný časopis